ARRUPE JESUIT UNIVERSITY

CORONAVIRUS -STOP THE SPREAD - CLEAN,DISINFECT,COVER

Eça de Queiroz : (Record no. 123437)

MARC details
000 -LEADER
fixed length control field 00951cam a2200277 a 4500
001 - CONTROL NUMBER
control field 2479236
003 - CONTROL NUMBER IDENTIFIER
control field ARRUPE
005 - DATE AND TIME OF LATEST TRANSACTION
control field 20150923080929.0
008 - FIXED-LENGTH DATA ELEMENTS--GENERAL INFORMATION
fixed length control field 900919s1988 po a b 000 0bpor
010 ## - LIBRARY OF CONGRESS CONTROL NUMBER
LC control number 90196531
040 ## - CATALOGING SOURCE
Original cataloging agency DLC
Transcribing agency DLC
Modifying agency DLC
043 ## - GEOGRAPHIC AREA CODE
Geographic area code e-po---
050 00 - LIBRARY OF CONGRESS CALL NUMBER
Classification number L PQ9261.E3
Item number Z5757
082 00 - DEWEY DECIMAL CLASSIFICATION NUMBER
Classification number 869.3
-- B
Edition number 20
300 ## - PHYSICAL DESCRIPTION
Other physical details ill. (some col.) ;
Dimensions 32 cm.
100 1# - MAIN ENTRY--PERSONAL NAME
Personal name Berrini, Beatriz.
9 (RLIN) 19990
245 10 - TITLE STATEMENT
Title Eça de Queiroz :
Remainder of title palavra e imagem /
Statement of responsibility, etc Beatriz Berrini.
260 ## - PUBLICATION, DISTRIBUTION, ETC. (IMPRINT)
Place of publication, distribution, etc [Lisbon] :
Name of publisher, distributor, etc Edições INAPA,
Date of publication, distribution, etc c1988.
300 ## - PHYSICAL DESCRIPTION
Extent 367 p. :
504 ## - BIBLIOGRAPHY, ETC. NOTE
Bibliography, etc Includes bibliographical references (p. 360-361).
600 10 - SUBJECT ADDED ENTRY--PERSONAL NAME
Personal name Queirós, Eça de,
9 (RLIN) 19991
600 10 - SUBJECT ADDED ENTRY--PERSONAL NAME
Personal name Queirós, Eça de,
General subdivision Portraits.
9 (RLIN) 19992
650 #0 - SUBJECT ADDED ENTRY--TOPICAL TERM
Topical term or geographic name as entry element Authors, Portuguese
Chronological subdivision 19th century
General subdivision Biography.
9 (RLIN) 19993
906 ## - LOCAL DATA ELEMENT F, LDF (RLIN)
a 7
b cbc
c orignew
d 3
e ncip
f 19
g y-gencatlg
942 ## - ADDED ENTRY ELEMENTS (KOHA)
Source of classification or shelving scheme Library of Congress Classification
Koha item type Monograph ( Printed materials)
Holdings
Withdrawn status Lost status Source of classification or shelving scheme Damaged status Not for loan Collection code Home library Current library Shelving location Date acquired Total Checkouts Full call number Barcode Date last seen Price effective from Koha item type
    Library of Congress Classification     Main Collection ARRUPE LIBRARY ARRUPE LIBRARY Main Collection 21/09/2015   L PQ9261.E3Z5757 46500005422 21/09/2015 21/09/2015 Monograph ( Printed materials)

 

Arrupe Library. PO Box MP320 Mt Pleasant, Harare, Zimbabwe
263 242 745411|librarian@aju.ac.zw